Belonging and Narrative (Record no. 91956)

MARC details
000 -LEADER
fixed length control field 01485nam a2200217Ii 4500
008 - FIXED-LENGTH DATA ELEMENTS--GENERAL INFORMATION
fixed length control field 221202s xx 000 0 und d
100 1# - MAIN ENTRY--PERSONAL NAME
Personal name Bieger, Laura,
Relator term author
245 #0 - TITLE STATEMENT
Title Belonging and Narrative
246 ## - VARYING FORM OF TITLE
Title proper/short title A Theory of the American Novel (Edition 1)
264 #1 - PRODUCTION, PUBLICATION, DISTRIBUTION, MANUFACTURE, AND COPYRIGHT NOTICE
Place of production, publication, distribution, manufacture Bielefeld
Name of producer, publisher, distributor, manufacturer transcript Verlag
Date of production, publication, distribution, manufacture, or copyright notice 2018
300 ## - PHYSICAL DESCRIPTION
Extent 1 online resource
336 ## - CONTENT TYPE
Content type term text
Content type code txt
Source rdacontent
337 ## - MEDIA TYPE
Media type term computer
Media type code c
Source rdamedia
338 ## - CARRIER TYPE
Carrier type term online resource
Carrier type code cr
Source rdacarrier
520 ## - SUMMARY, ETC.
Summary, etc. Why did the novel become so popular in the past three centuries, and how did the American novel contribute to this trend? As a key provider of the narrative frames and formulas needed by modern individuals to give meaning and mooring to their lives. Drawing on phenomenological hermeneutics, human geography and social psychology, Laura Bieger contends that belonging is not a given; it is continuously produced by narrative. Against the current emphasis on metaphors of movement and destabilization, she explores the salience and significance of home. Challenging views of narrative as a mechanism of ideology, she approaches narrative as a practical component of dwelling in the world - and the novel a primary place-making agent.
653 ## - INDEX TERM--UNCONTROLLED
Uncontrolled term American
653 ## - INDEX TERM--UNCONTROLLED
Uncontrolled term General
653 ## - INDEX TERM--UNCONTROLLED
Uncontrolled term Literary Criticism
856 ## - ELECTRONIC LOCATION AND ACCESS
Uniform Resource Identifier <a href="https://docs.google.com/spreadsheets/d/1yKIrdCPDAG_9c22mwoOIO2DOhtj65Wqa/edit?usp=sharing&ouid=106555315294820607512&rtpof=true&sd=true ">https://docs.google.com/spreadsheets/d/1yKIrdCPDAG_9c22mwoOIO2DOhtj65Wqa/edit?usp=sharing&ouid=106555315294820607512&rtpof=true&sd=true </a>
Link text List of Curated E-Books
942 ## - ADDED ENTRY ELEMENTS (KOHA)
Koha item type E-Book

No items available.

University of Rizal System
Email us at univlibservices@urs.edu.ph

Visit our Website www.urs.edu.ph/library